La Burbuja de la hegemonía norteamericana /

Sábháilte in:
Sonraí bibleagrafaíochta
Príomhchruthaitheoir: Soros, George
Formáid: Téacs
Ábhair:
Clibeanna: Cuir clib leis
Níl clibeanna ann, Bí ar an gcéad duine le clib a chur leis an taifead seo!

MARC

LEADER 00000 a a2200000 04500
001 18262
003
040
100 |a Soros, George  
245 |a La Burbuja de la hegemonía norteamericana /  |c George Soros 
650 |a RELACIONES INTERNACIONALES  
650 |a IMPERIALISTA  
650 |a GUERRA  
773 |g número 95; páginas 142-144  
999 |c 27433  |d 27433